[Event "Cto Aragón Equipos  Div Honor F. Titulo"]
[Site "Aragon"]
[Date "2014.03.15"]
[Round "8.9"]
[White "Llanes Luno, Ricardo"]
[Black "Colas Longares, Rafael P"]
[Result "1/2-1/2"]
[WhiteElo "2193"]
[BlackElo "2289"]
[PlyCount "161"]
[EventDate "2014.??.??"]
[WhiteTeam "Delicias"]
[BlackTeam "Caissa-Hnos Cortes"]

1. e4 c5 2. Nf3 Nc6 3. d4 cxd4 4. Nxd4 e5 5. Nb5 a6 6. Nd6+ Bxd6 7. Qxd6 Qf6 8.
Qxf6 Nxf6 9. Nc3 Nb4 10. Kd2 d5 11. exd5 Nbxd5 12. Nxd5 Nxd5 13. c4 Nf6 14. Bd3
e4 15. Re1 Bf5 16. Kc3 O-O 17. Be2 Rac8 18. Be3 Nd5+ 19. Kb3 Nxe3 20. fxe3 Rc6
21. Rad1 Be6 22. Rd4 f5 23. Kb4 Kf7 24. Red1 Ke7 25. a4 Rfc8 26. b3 Kf6 27. Rd8
Ke5 28. Rxc8 Bxc8 29. Rd5+ Ke6 30. a5 Bd7 31. Kc3 Rc8 32. b4 g6 33. Kd4 Bc6 34.
Re5+ Kf6 35. Rc5 Rd8+ 36. Kc3 Ke6 37. b5 Kd6 38. Kb4 h5 39. h4 Rd7 40. Bxh5
gxh5 41. bxc6 bxc6 42. Rxf5 c5+ 43. Kc3 Rg7 44. Rd5+ Kc6 45. Rxh5 Rxg2 46. Rh6+
Kc7 47. Re6 Ra2 48. Rxe4 Rxa5 49. h5 Ra3+ 50. Kb2 Rd3 51. h6 Rd2+ 52. Kc3 Rh2
53. Re7+ Kb6 54. Re6+ Kb7 55. Kd3 Rh4 56. Rf6 a5 57. Kc3 a4 58. Rf7+ Kb6 59. h7
Rh2 60. Rg7 a3 61. Rg6+ Kb7 62. Rg1 a2 63. Ra1 Rxh7 64. Rxa2 Rd7 65. Rh2 Kc7
66. Rh6 Rd1 67. Rh2 Rd7 68. Rd2 Re7 69. Kd3 Kd6 70. Ra2 Re5 71. Ra8 Kd7 72. Rh8
Kc7 73. Rf8 Re7 74. Rf5 Kd6 75. Rd5+ Kc6 76. e4 Rh7 77. e5 Rh3+ 78. Kd2 Rh2+
79. Kc3 Re2 80. Rd6+ Kc7 81. Rd5 1/2-1/2

[Event "Cto Aragón Equipos  Div Honor F. Titulo"]
[Site "Aragon"]
[Date "2014.03.15"]
[Round "8.10"]
[White "Gil Capape, Marco Antonio"]
[Black "Roche Simon, Manuel Angel"]
[Result "1-0"]
[WhiteElo "2061"]
[BlackElo "2142"]
[PlyCount "105"]
[EventDate "2014.??.??"]
[WhiteTeam "Caissa-Hnos Cortes"]
[BlackTeam "Delicias"]

1. e4 c5 2. Nc3 Nc6 3. Nf3 e6 4. d4 cxd4 5. Nxd4 Nf6 6. Ndb5 Bb4 7. Nd6+ Ke7 8.
Nxc8+ Rxc8 9. Bg5 Bxc3+ 10. bxc3 Qa5 11. Qd2 h6 12. Bxf6+ gxf6 13. h4 Ne5 14.
Rh3 Nc4 15. Qd4 Qc5 16. a4 b6 17. Be2 Rhd8 18. f4 d5 19. e5 fxe5 20. fxe5 Qc7
21. Bxc4 Qxc4 22. Qf2 Qe4+ 23. Re3 Qg6 24. O-O-O Rd7 25. Rg3 Qf5 26. Rf3 Qxe5
27. Rxf7+ Kd6 28. Rxd7+ Kxd7 29. Qf7+ Kd6 30. Qxa7 Qxc3 31. Qxb6+ Rc6 32. Qd8+
Kc5 33. Qf8+ Kb6 34. Qb8+ Kc5 35. Qb3 Qa1+ 36. Kd2 Qd4+ 37. Ke2 Qc4+ 38. Rd3
Qxb3 39. cxb3 d4 40. Kd2 e5 41. h5 Kb4 42. Rg3 e4 43. Rg6 Rc3 44. Rb6+ Kc5 45.
a5 Rg3 46. b4+ Kc4 47. Rg6 Ra3 48. Rxh6 e3+ 49. Ke2 Ra2+ 50. Kf3 e2 51. Re6 d3
52. h6 d2 53. Kxe2 1-0

[Event "Cto Aragón Equipos  Div Honor F. Titulo"]
[Site "Aragon"]
[Date "2014.03.15"]
[Round "8.11"]
[White "Llanes Luno, Pedro Alfredo"]
[Black "Carraminana Lopez, Luis Antoni"]
[Result "0-1"]
[WhiteElo "2127"]
[BlackElo "2009"]
[PlyCount "78"]
[EventDate "2014.??.??"]
[WhiteTeam "Delicias"]
[BlackTeam "Caissa-Hnos Cortes"]

1. e4 c6 2. d4 d5 3. e5 Bf5 4. Be3 e6 5. Nd2 Ne7 6. Ngf3 h6 7. c4 Nd7 8. a3 Bg6
9. Be2 Nf5 10. Bf4 Be7 11. O-O O-O 12. Re1 Qb6 13. cxd5 cxd5 14. Qa4 Rad8 15.
Bb5 Nb8 16. Nb3 a6 17. Bf1 Nc6 18. Bd2 Bh5 19. Bd3 Bxf3 20. Bxf5 Bxg2 21. Bxe6
fxe6 22. Kxg2 Bh4 23. Re2 Qc7 24. Rg1 Qf7 25. f4 Qh5 26. Nc1 Qg4+ 27. Kh1 Qf3+
28. Rgg2 Rc8 29. Qb3 Nxd4 30. Qxb7 Nf5 31. Bc3 Qxf4 32. Rg1 Bg5 33. Reg2 Nh4
34. Ne2 Qe4 35. Qb4 Rc4 36. Qb6 Nxg2 37. Rxg2 Rf1+ 38. Ng1 Be3 39. Qxe6+ Kh7
0-1

[Event "Cto Aragón Equipos  Div Honor F. Titulo"]
[Site "Aragon"]
[Date "2014.03.15"]
[Round "8.12"]
[White "Garcia Lopez, Alberto Jose"]
[Black "Neila Castillo, Miguel Angel"]
[Result "1/2-1/2"]
[WhiteElo "1956"]
[BlackElo "2082"]
[PlyCount "60"]
[EventDate "2014.??.??"]
[WhiteTeam "Caissa-Hnos Cortes"]
[BlackTeam "Delicias"]

1. g3 e5 2. Bg2 g6 3. d3 Bg7 4. c4 d6 5. Nc3 f5 6. Nf3 Nf6 7. Bd2 c6 8. Qc1 O-O
9. Bh6 a5 10. Bxg7 Kxg7 11. c5 Qe7 12. cxd6 Qxd6 13. O-O h6 14. Re1 Be6 15. e4
Nbd7 16. exf5 Bxf5 17. d4 exd4 18. Qd2 d3 19. Nh4 Nc5 20. Nxf5+ gxf5 21. Rad1
Rae8 22. a3 a4 23. Bf1 Nfe4 24. Nxe4 fxe4 25. Qb4 Re5 26. Bxd3 exd3 27. Qc3
Rxf2 28. Qxe5+ Qxe5 29. Rxe5 Rc2 30. Rf5 d2 1/2-1/2

[Event "Cto Aragón Equipos  Div Honor F. Titulo"]
[Site "Aragon"]
[Date "2014.03.15"]
[Round "8.13"]
[White "Del Rey, Diego"]
[Black "Cifuentes Parada, Roberto"]
[Result "0-1"]
[WhiteElo "2373"]
[BlackElo "2458"]
[PlyCount "110"]
[EventDate "2014.??.??"]
[WhiteTeam "El Olivar"]
[BlackTeam "Jaque"]

1. d4 d5 2. c4 dxc4 3. Nf3 c5 4. e3 Nf6 5. Bxc4 e6 6. O-O Nc6 7. dxc5 Qxd1 8.
Rxd1 Bxc5 9. a3 O-O 10. b4 Be7 11. Bb2 Bd7 12. Nbd2 Rfd8 13. Bb3 Be8 14. Nc4 b5
15. Nce5 a5 16. Rxd8 Nxd8 17. bxa5 Rxa5 18. Nd4 Ne4 19. Bc2 Nd6 20. Bb3 N6b7
21. Nd3 Kf8 22. Nc2 Ra8 23. Ncb4 Na5 24. Ba2 Nc4 25. Bxc4 bxc4 26. Ne5 Bb5 27.
Rc1 Rc8 28. Nf3 Nb7 29. Nd4 Bd7 30. Ne2 Na5 31. Bc3 Nb3 32. Rb1 f6 33. Nc2 e5
34. f3 Kf7 35. Bb4 Bf5 36. e4 Be6 37. Bxe7 Kxe7 38. Nc3 Rd8 39. Nb4 Ra8 40.
Nbd5+ Kd6 41. Rd1 Bxd5 42. exd5 Nd4 43. a4 Rb8 44. Ra1 Rb3 45. Ne4+ Kxd5 46. a5
c3 47. a6 c2 48. Kf2 Ra3 49. Nc3+ Ke6 50. Rxa3 c1=Q 51. Ra2 Nc2 52. Kg3 Qe1+
53. Kh3 g5 54. Ra4 Nd4 55. g3 Qf1+ 0-1

[Event "Cto Aragón Equipos  Div Honor F. Titulo"]
[Site "Aragon"]
[Date "2014.03.15"]
[Round "8.14"]
[White "Accattato Martin, Mario"]
[Black "Chueca Forcen, Alberto"]
[Result "0-1"]
[WhiteElo "2232"]
[BlackElo "2326"]
[PlyCount "96"]
[EventDate "2014.??.??"]
[WhiteTeam "Jaque"]
[BlackTeam "El Olivar"]

1. e4 e5 2. Nf3 Nc6 3. Bb5 Nf6 4. Qe2 Bc5 5. c3 O-O 6. d3 d6 7. Nbd2 Ne7 8. Nf1
Ng6 9. h3 d5 10. Bg5 c6 11. Ba4 h6 12. Bd2 a5 13. g4 b5 14. Bc2 Be6 15. O-O-O
dxe4 16. dxe4 Bc4 17. Qe1 Qb6 18. Ne3 Bxa2 19. h4 b4 20. h5 Nf4 21. Nxe5 b3 22.
N3c4 Qb5 23. Bb1 Bxb1 24. Kxb1 Ng2 25. Qe2 Qa4 26. Na3 Bxa3 27. bxa3 Nxe4 28.
Kb2 Nxd2 29. Qxd2 Rfe8 30. Qd4 Qb5 31. Nc4 Qg5 32. Rhg1 Nf4 33. Ne3 Ne2 34. f4
Nxd4 35. fxg5 Nf3 36. Nf5 Nxg1 37. Rxg1 hxg5 38. Kxb3 Re4 39. Kc2 a4 40. Kd3
Re6 41. Nd4 Rd8 42. Kc4 Re3 43. Nxc6 Rc8 44. Kd4 Rxc6 45. Kxe3 Rxc3+ 46. Ke4 f6
47. h6 gxh6 48. Rb1 Kf7 0-1

[Event "Cto Aragón Equipos  Div Honor F. Titulo"]
[Site "Aragon"]
[Date "2014.03.15"]
[Round "8.15"]
[White "Palacios Latasa, Elias"]
[Black "Abos Rosico, Antonio"]
[Result "1-0"]
[WhiteElo "2232"]
[BlackElo "2073"]
[PlyCount "99"]
[EventDate "2014.??.??"]
[WhiteTeam "El Olivar"]
[BlackTeam "Jaque"]

1. e4 d6 2. Nc3 Nf6 3. f4 g6 4. Nf3 Bg7 5. g3 O-O 6. Bg2 c5 7. O-O Nc6 8. d3
Bd7 9. h3 Rb8 10. g4 b5 11. a3 a5 12. Be3 b4 13. axb4 axb4 14. Ne2 c4 15. f5
cxd3 16. cxd3 Ra8 17. Rb1 Ra2 18. fxg6 hxg6 19. Qe1 Bxg4 20. hxg4 Nxg4 21. Qh4
Nce5 22. Ng5 Bh6 23. Bh3 f5 24. Bf4 e6 25. d4 Nf7 26. Bxg4 fxg4 27. Qxg4 Bxg5
28. Qxe6 Ra5 29. Qxg6+ Kh8 30. Kf2 Bh4+ 31. Ke3 Qf6 32. Be5 Nxe5 33. Rxf6 Nxg6
34. Rxg6 Rf6 35. Nf4 Kh7 36. Rxf6 Bxf6 37. Nd5 Bg5+ 38. Kd3 b3 39. Kc3 Ra4 40.
Rd1 Kg6 41. Kxb3 Ra8 42. Rf1 Re8 43. Nc3 Bd2 44. Kc4 Rb8 45. Nb5 Rb6 46. b3 Be3
47. Nc3 Bd2 48. Nd5 Rb8 49. Rf6+ Kg7 50. Rxd6 1-0

[Event "Cto Aragón Equipos Div.  Honor F. Desce"]
[Site "Aragon"]
[Date "2014.03.15"]
[Round "8.17"]
[White "Garcia Fernandez, Javier"]
[Black "Fernandez Rubio, Rafael"]
[Result "1-0"]
[WhiteElo "2174"]
[BlackElo "2021"]
[PlyCount "77"]
[EventDate "2014.??.??"]
[WhiteTeam "Teruel"]
[BlackTeam "Tauste"]

1. e4 d6 2. d4 Nf6 3. Nc3 e5 4. Nf3 Nbd7 5. Bc4 Be7 6. O-O O-O 7. Re1 c6 8. a4
a5 9. b3 exd4 10. Qxd4 Ng4 11. Ba3 Bf6 12. Qd2 Qb6 13. Rf1 Nde5 14. Nxe5 Bxe5
15. g3 Be6 16. Rab1 Rad8 17. Kg2 Rfe8 18. h3 Nf6 19. f3 d5 20. exd5 cxd5 21.
Bb5 Bd7 22. Bxd7 Rxd7 23. Nb5 d4 24. f4 Qc6+ 25. Rf3 Bb8 26. Rbf1 Qe4 27. R1f2
Nd5 28. Qd3 Ne3+ 29. Kh2 f5 30. Bc5 Qc6 31. Bxd4 Ng4+ 32. hxg4 Qh6+ 33. Kg1
fxg4 34. Re3 Rde7 35. Rfe2 Rxe3 36. Rxe3 Rf8 37. Qe4 Qh3 38. Qxb7 Qh6 39. Re7
1-0

[Event "Cto Aragón Equipos Div.  Honor F. Desce"]
[Site "Aragon"]
[Date "2014.03.15"]
[Round "8.18"]
[White "Sierra Aguerri, Joaquin"]
[Black "Dominguez Bujeda, Jesus"]
[Result "1-0"]
[WhiteElo "2018"]
[BlackElo "2171"]
[PlyCount "128"]
[EventDate "2014.??.??"]
[WhiteTeam "Tauste"]
[BlackTeam "Teruel"]

1. e4 c5 2. Nc3 Nc6 3. f4 g6 4. Nf3 Bg7 5. Bb5 Nd4 6. O-O Nxb5 7. Nxb5 d5 8.
exd5 a6 9. Nc3 Nf6 10. d4 Nxd5 11. dxc5 Nxc3 12. Qxd8+ Kxd8 13. bxc3 Bxc3 14.
Rb1 Kc7 15. Rb3 Bf6 16. Bd2 Be6 17. Ba5+ Kc8 18. Rb6 Bd5 19. Ne5 Rd8 20. c4 Be4
21. c6 bxc6 22. Nxc6 Rd6 23. Ne5 Rxb6 24. Bxb6 Kb7 25. c5 Bxe5 26. fxe5 Bd5 27.
a4 Kc6 28. g3 Rc8 29. h4 Kd7 30. Kf2 Ke6 31. Re1 Kf5 32. Re3 Be4 33. Re1 Kxe5
34. Ke3 f5 35. Kd2 Kd5 36. Kc3 Kc6 37. Kd4 Rb8 38. a5 Rb7 39. Ke5 Rd7 40. Ke6
Bd5+ 41. Ke5 Bf7 42. Kf4 Rd4+ 43. Kg5 Rd7 44. Kh6 Be8 45. Kg7 e6+ 46. Kg8 Kd5
47. Kf8 e5 48. Kxe8 Rg7 49. Rd1+ Kc6 50. Rd6+ Kb5 51. Kf8 Rb7 52. c6 Rb8+ 53.
Kg7 Rc8 54. c7 f4 55. gxf4 exf4 56. Rf6 g5 57. hxg5 f3 58. Kxh7 f2 59. Rxf2 Kc6
60. Rf8 Kb7 61. Kg7 Ka8 62. g6 Kb7 63. Rxc8 Kc6 64. Rd8 Kb5 1-0

[Event "Cto Aragón Equipos Div.  Honor F. Desce"]
[Site "Aragon"]
[Date "2014.03.15"]
[Round "8.19"]
[White "Martin Catalan, Juan Vicente"]
[Black "Sancho Casale, Jesus"]
[Result "1/2-1/2"]
[WhiteElo "2102"]
[BlackElo "1968"]
[PlyCount "141"]
[EventDate "2014.??.??"]
[WhiteTeam "Teruel"]
[BlackTeam "Tauste"]

1. d4 Nf6 2. Nf3 e6 3. Bf4 b6 4. e3 c5 5. c3 Be7 6. h3 O-O 7. Nbd2 Bb7 8. Bd3
d6 9. Qe2 cxd4 10. exd4 Nbd7 11. O-O Qc7 12. Rfe1 a6 13. a4 Rfe8 14. Bg3 h6 15.
Nc4 Qc6 16. Ne3 Bf8 17. Qf1 e5 18. Bf5 e4 19. Nd2 d5 20. f3 g6 21. Bxd7 Qxd7
22. Be5 Bg7 23. Bxf6 Bxf6 24. fxe4 Bh4 25. e5 Bxe1 26. Rxe1 h5 27. g4 Re6 28.
Nf3 f6 29. gxh5 gxh5 30. Re2 Kh8 31. Rg2 Rg8 32. Rxg8+ Kxg8 33. Nf5 Qh7 34. Nd6
fxe5 35. Nxb7 Qg7+ 36. Kh2 e4 37. Ne5 Qxb7 38. Qf5 Qe7 39. Qxh5 Qg7 40. Qf5 Rf6
41. Qc8+ Kh7 42. Ng4 Rf8 43. Qe6 Qc7+ 44. Kh1 Qf4 45. Qe7+ Rf7 46. Qh4+ Kg7 47.
Qh5 Rf5 48. Qe8 Qf1+ 49. Kh2 Qf4+ 50. Kg2 Rf7 51. Qe6 Qf5 52. Qh6+ Kg8 53. Qd6
Qf3+ 54. Kg1 Qf1+ 55. Kh2 Qf4+ 56. Qxf4 Rxf4 57. Kg3 Rf8 58. Kg2 Rf3 59. Ne5
Rf5 60. Ng4 b5 61. axb5 axb5 62. Ne3 Rg5+ 63. Kf2 Kf7 64. h4 Rh5 65. Kg3 Ke6
66. b4 Rh8 67. Kf2 Rxh4 68. Ke2 Rh2+ 69. Kd1 Rb2 70. Kc1 Ra2 71. Kd1 1/2-1/2

[Event "Cto Aragón Equipos Div.  Honor F. Desce"]
[Site "Aragon"]
[Date "2014.03.15"]
[Round "8.20"]
[White "Bogomilov Georgiev, Georgi Ii"]
[Black "Abancens Fernandez, Bernardo"]
[Result "1-0"]
[WhiteElo "1931"]
[BlackElo "1941"]
[PlyCount "49"]
[EventDate "2014.??.??"]
[WhiteTeam "Tauste"]
[BlackTeam "Teruel"]

1. e4 c5 2. Nf3 g6 3. Nc3 Bg7 4. g3 Nc6 5. Bg2 d6 6. O-O e6 7. d3 Nge7 8. Be3
Nd4 9. Qd2 Nec6 10. Nh4 Bd7 11. Nd1 Ne5 12. c3 Ndc6 13. h3 f5 14. Bf4 Nf7 15.
exf5 gxf5 16. Ne3 Ne7 17. Rae1 e5 18. Nd5 Nc6 19. Be3 O-O 20. f4 exf4 21. Nxf4
Bf6 22. Nxf5 Bxc3 23. bxc3 Bxf5 24. Nh5 Nfe5 25. Bd5+ 1-0

[Event "Cto Aragón Equipos Div.  Honor F. Desce"]
[Site "Aragon"]
[Date "2014.03.15"]
[Round "8.21"]
[White "Galve Guinea, Alejandro"]
[Black "Salamero Pelay, Fernando"]
[Result "1/2-1/2"]
[WhiteElo "2037"]
[BlackElo "2149"]
[PlyCount "109"]
[EventDate "2014.??.??"]
[WhiteTeam "El Olivar B"]
[BlackTeam "Club atletismo Huesca"]

1. d4 Nf6 2. Nf3 e6 3. c4 c5 4. d5 exd5 5. cxd5 d6 6. Nc3 g6 7. Bg5 Bg7 8. Nd2
a6 9. a4 O-O 10. e4 h6 11. Bh4 Re8 12. Be2 Nbd7 13. O-O Qc7 14. Qc2 Ne5 15. h3
g5 16. Bg3 Rb8 17. a5 Nfd7 18. f4 gxf4 19. Bxf4 b5 20. axb6 Qxb6 21. Ra2 Qb4
22. Kh1 Nf8 23. Bxe5 Bxe5 24. Nc4 Ng6 25. Nxe5 Rxe5 26. Qd3 Qb7 27. Qf3 Qe7 28.
Qf6 Rb6 29. Qxe7 Nxe7 30. Na4 Rb4 31. Nc3 c4 32. Rf6 Kg7 33. Rxd6 f5 34. Rd8
Bb7 35. d6 Nc6 36. Rd7+ Kf8 37. Nd5 Rxe4 38. Nxb4 Nxb4 39. Rxb7 Nxa2 40. Bh5
Rd4 41. Rb6 c3 42. bxc3 Nxc3 43. Rxa6 Ne4 44. Kh2 Nxd6 45. Ra7 Kg8 46. Rd7 f4
47. Bg4 Rd2 48. h4 Ne4 49. Rxd2 Nxd2 50. Be6+ Kg7 51. Bd5 Kf6 52. Kh3 Ke5 53.
Bb7 Nf1 54. Kg4 Ng3 55. h5 1/2-1/2

[Event "Cto Aragón Equipos Div.  Honor F. Desce"]
[Site "Aragon"]
[Date "2014.03.15"]
[Round "8.22"]
[White "Luis Vitalla, Fernando"]
[Black "Sarto Ramos, Angel"]
[Result "1/2-1/2"]
[WhiteElo "2135"]
[BlackElo "1963"]
[PlyCount "107"]
[EventDate "2014.??.??"]
[WhiteTeam "Club atletismo Huesca"]
[BlackTeam "El Olivar B"]

1. d4 d6 2. Nf3 c5 3. g3 cxd4 4. Nxd4 Nc6 5. Bg2 Bd7 6. Nc3 Nf6 7. e4 g6 8. O-O
Bg7 9. h3 O-O 10. Be3 h5 11. f4 e5 12. Ndb5 exf4 13. gxf4 Ne8 14. Nxd6 Nxd6 15.
Qxd6 Qc8 16. Kh2 Rd8 17. e5 Be6 18. Qc5 Bf8 19. Qb5 Nd4 20. Bxd4 Rxd4 21. Bxb7
Rd2+ 22. Kg3 Qd8 23. Ne4 h4+ 24. Kf3 a6 25. Nf6+ Kg7 26. Qc6 Rb8 27. Rae1 Qd4
28. Ne4 Rh2 29. Bxa6 Rb6 30. c3 Rxc6 31. cxd4 Rxa6 32. Nf2 Bd5+ 33. Ke3 Rc6 34.
a3 Be7 35. Rd1 Bg2 36. Rfe1 Bxh3 37. Rh1 Rxh1 38. Rxh1 Bf5 39. Rxh4 Rc2 40. Ne4
Bxe4 41. Kxe4 Rxb2 42. d5 Bxa3 43. d6 Rd2 44. Rh3 Re2+ 45. Kd5 Rd2+ 46. Kc6
Rc2+ 47. Kd7 Bb4 48. Rb3 Bd2 49. Ke8 Bxf4 50. d7 Rd2 51. Rf3 Bxe5 52. Rxf7+ Kh6
53. d8=Q Rxd8+ 54. Kxd8 1/2-1/2

[Event "Cto Aragón Equipos Div.  Honor F. Desce"]
[Site "Aragon"]
[Date "2014.03.15"]
[Round "8.23"]
[White "De La Riva Fernandez, Eduardo"]
[Black "Gella Lopez, Angel"]
[Result "0-1"]
[WhiteElo "1965"]
[BlackElo "2084"]
[PlyCount "62"]
[EventDate "2014.??.??"]
[WhiteTeam "El Olivar B"]
[BlackTeam "Club atletismo Huesca"]

1. e4 c5 2. Nf3 e6 3. d4 cxd4 4. Nxd4 Nc6 5. c4 Nf6 6. Nc3 Bb4 7. Nxc6 bxc6 8.
Bd3 e5 9. O-O O-O 10. Bg5 h6 11. Be3 d6 12. f3 Bxc3 13. bxc3 Qa5 14. Qc2 Be6
15. Rab1 Rab8 16. Rb3 d5 17. Rfb1 Rxb3 18. axb3 dxc4 19. Bxc4 Bxc4 20. bxc4 Nd7
21. Rb4 Nc5 22. Kf1 Rd8 23. Ke2 Rd7 24. g4 Ne6 25. Ra4 Qd8 26. Rxa7 Nf4+ 27.
Kf2 Qh4+ 28. Kf1 Qh3+ 29. Ke1 Nd3+ 30. Kd1 Qf1+ 31. Kd2 Qe1# 0-1

[Event "Cto Aragón Equipos Div.  Honor F. Desce"]
[Site "Aragon"]
[Date "2014.03.15"]
[Round "8.24"]
[White "Gomez Zazurca, Rodolfo"]
[Black "Hernandez Delgado, Gabriel"]
[Result "1-0"]
[WhiteElo "1762"]
[BlackElo "1931"]
[PlyCount "40"]
[EventDate "2014.??.??"]
[WhiteTeam "Club atletismo Huesca"]
[BlackTeam "El Olivar B"]

1. e4 d5 2. exd5 Nf6 3. c4 e6 4. d4 exd5 5. Nc3 Be7 6. cxd5 Nxd5 7. Bd3 Nc6 8.
Nf3 O-O 9. O-O Bg4 10. Re1 Bf6 11. Be4 Nb6 12. d5 Ne5 13. d6 c6 14. Bf4 Nbc4
15. b3 Nxd6 16. Bxe5 Bxe5 17. Bxh7+ Kxh7 18. Rxe5 Qf6 19. Re3 Rfe8 20. Qd3+ Re4
1-0

[Event "Cto Aragón Equipos Div.  Honor F. Desce"]
[Site "Aragon"]
[Date "2014.03.15"]
[Round "8.25"]
[White "Hefty, Jorge W"]
[Black "Campos Hernandez, Antonio"]
[Result "1/2-1/2"]
[WhiteElo "2342"]
[BlackElo "2173"]
[PlyCount "122"]
[EventDate "2014.??.??"]
[WhiteTeam "IberCaja"]
[BlackTeam "ONCE CA Aragon"]

1. d4 d5 2. c4 dxc4 3. Nf3 Nf6 4. e3 e6 5. Bxc4 c5 6. O-O Nc6 7. Qe2 cxd4 8.
Rd1 Be7 9. exd4 O-O 10. a3 Nd5 11. Nc3 a6 12. Ne4 b5 13. Ba2 b4 14. axb4 Ncxb4
15. Bb1 Ra7 16. Ne5 f5 17. Nc3 Rc7 18. Bd2 Bb7 19. Nf3 Qd6 20. Nxd5 Bxd5 21.
Bxb4 Qxb4 22. Ba2 Bxf3 23. Bxe6+ Kh8 24. Qxf3 Qxb2 25. Qd3 Rc3 26. Qxa6 Rc2 27.
Ra2 Rc1 28. Qf1 Rxd1 29. Qxd1 Qb6 30. d5 f4 31. h3 Rd8 32. Bg4 Bc5 33. Bf3 Re8
34. Re2 Rxe2 35. Qxe2 Qd6 36. Qe4 Qf8 37. Bd1 Qe7 38. Qxf4 Bd6 39. Qd2 Qe5 40.
g3 g5 41. Kg2 Kg7 42. Bf3 Bc5 43. Qc2 Qd4 44. Qe2 h6 45. Be4 Qf6 46. Bb1 Qd4
47. Qf3 Qf6 48. Qe2 Qd4 49. Qc2 Qxd5+ 50. Kh2 Qd6 51. Qh7+ Kf8 52. Bg6 Qf6 53.
Qxh6+ Kg8 54. Bh7+ Kf7 55. Bg8+ Ke7 56. Qh7+ Kf8 57. Qc2 Qxf2+ 58. Qxf2+ Bxf2
59. Bc4 Kg7 60. Kg2 Be1 61. Kf3 Kf6 1/2-1/2

[Event "Cto Aragón Equipos Div.  Honor F. Desce"]
[Site "Aragon"]
[Date "2014.03.15"]
[Round "8.26"]
[White "Laliena Solanes, Luis"]
[Black "Baron Rodriguez, Jorge"]
[Result "0-1"]
[WhiteElo "2147"]
[BlackElo "2276"]
[PlyCount "118"]
[EventDate "2014.??.??"]
[WhiteTeam "ONCE CA Aragon"]
[BlackTeam "IberCaja"]

1. d4 d5 2. Nf3 Nf6 3. e3 e6 4. Bd3 c5 5. O-O Nc6 6. b3 Bd6 7. Bb2 O-O 8. Nbd2
b6 9. Ne5 Bb7 10. f4 Rc8 11. a3 Ne7 12. Qf3 b5 13. dxc5 Bxc5 14. b4 Bb6 15. Nb3
Ne4 16. Nd4 Bxd4 17. Bxd4 a6 18. Qe2 f6 19. Nf3 Nc6 20. Bb2 Rf7 21. Nd4 Nxd4
22. Bxd4 Qd6 23. Bxe4 dxe4 24. Bc5 Qc7 25. c4 Bc6 26. Rfd1 Rd8 27. Rxd8+ Qxd8
28. Rd1 Rd7 29. Rd4 h6 30. Qa2 Rxd4 31. Bxd4 Qd7 32. Qc2 bxc4 33. Qxc4 Bb5 34.
Qc5 Kh7 35. h4 Qf7 36. Qa7 Qg6 37. h5 Qf5 38. Qc5 Qg4 39. Kh2 Be2 40. Bb2 Bf1
41. Qc2 Qxh5+ 42. Kg1 Bd3 43. Qc5 Qd1+ 44. Kh2 Qg4 45. a4 h5 46. b5 axb5 47.
axb5 h4 48. b6 Ba6 49. Qd4 Qg3+ 50. Kh1 Qe1+ 51. Kh2 Qg3+ 52. Kh1 Bb7 53. Qd7
h3 54. gxh3 Qxh3+ 55. Kg1 Qxe3+ 56. Kh1 Qh3+ 57. Kg1 Qe3+ 58. Kh1 Qf3+ 59. Kg1
e3 0-1

[Event "Cto Aragón Equipos Div.  Honor F. Desce"]
[Site "Aragon"]
[Date "2014.03.15"]
[Round "8.27"]
[White "Jimenez Fernandez, Alejandro"]
[Black "Fuertes Garay, Javier"]
[Result "1/2-1/2"]
[WhiteElo "2003"]
[BlackElo "2097"]
[PlyCount "123"]
[EventDate "2014.??.??"]
[WhiteTeam "IberCaja"]
[BlackTeam "ONCE CA Aragon"]

1. d4 Nf6 2. Nf3 e6 3. c4 c5 4. d5 exd5 5. cxd5 d6 6. Nc3 g6 7. Nd2 Nbd7 8. Nc4
Nb6 9. e4 Bg7 10. Bf4 Nxc4 11. Bxc4 O-O 12. O-O a6 13. a4 Re8 14. Re1 Ng4 15.
Bg3 f5 16. h3 Ne5 17. Bf1 Qg5 18. Qc1 Qf6 19. Bf4 Bd7 20. Ra3 Nf7 21. Rb3 Rab8
22. Rb6 h6 23. exf5 Rxe1 24. Qxe1 Bxf5 25. Bxa6 Bxh3 26. Bg3 Qd8 27. Rxb7 Rxb7
28. Bxb7 Bf5 29. Bc6 Ne5 30. Bb5 Qa5 31. Bf4 Qb4 32. Qd2 g5 33. Bg3 c4 34. Ne4
Qb3 35. Nxd6 Qa2 36. f4 gxf4 37. Qxf4 Bd3 38. Qc1 Ng4 39. Bxc4 Qxa4 40. b3 Qa7+
41. Kh1 Bg6 42. Nb5 Nf2+ 43. Bxf2 Qxf2 44. d6+ Kh7 45. Qf1 Qh4+ 46. Kg1 Bd4+
47. Nxd4 Qxd4+ 48. Qf2 Qxd6 49. Qa7+ Kh8 50. Qa8+ Kg7 51. Qg8+ Kf6 52. Qd5 Qb6+
53. Kf1 Qe3 54. Qf3+ Qxf3+ 55. gxf3 Ke5 56. Kf2 Be8 57. Kg3 Bc6 58. f4+ Ke4 59.
Be2 Kf5 60. b4 Bb7 61. b5 Kg6 62. Bf3 1/2-1/2

[Event "Cto Aragón Equipos Div.  Honor F. Desce"]
[Site "Aragon"]
[Date "2014.03.15"]
[Round "8.28"]
[White "Cobo Garrido, Diego Israel"]
[Black "Garcia Monterde, Francisco Jos"]
[Result "1/2-1/2"]
[WhiteElo "2045"]
[BlackElo "1986"]
[PlyCount "80"]
[EventDate "2014.??.??"]
[WhiteTeam "ONCE CA Aragon"]
[BlackTeam "IberCaja"]

1. e4 g6 2. Nc3 Bg7 3. f4 d6 4. Nf3 Nf6 5. Bc4 O-O 6. d3 c6 7. O-O b5 8. Bb3
Nbd7 9. e5 Qb6+ 10. d4 dxe5 11. fxe5 Ng4 12. e6 Nde5 13. exf7+ Kh8 14. Ne2
Nxf3+ 15. Rxf3 Ne5 16. Rf1 Nc4 17. Bxc4 bxc4 18. c3 Be6 19. Ng3 Bxf7 20. Kh1
Bd5 21. Qe2 Rxf1+ 22. Nxf1 Qc7 23. Bg5 e5 24. dxe5 Qxe5 25. Qxe5 Bxe5 26. Re1
Bd6 27. Bh6 Kg8 28. Re2 Bf7 29. Nd2 Bd5 30. Ne4 Be5 31. Ng3 Bf6 32. Bf4 Kf7 33.
Bd6 Re8 34. Kg1 Rxe2 35. Nxe2 Ke6 36. Bc5 a6 37. Kf2 Kf5 38. Ng3+ Ke6 39. Ne2
Kf5 40. Ng3+ Ke6 1/2-1/2

[Event "Cto Aragón Equipos Div.  Honor F. Desce"]
[Site "Aragon"]
[Date "2014.03.15"]
[Round "8.29"]
[White "Martinez Catalan, Fco. Javier"]
[Black "Ramon Perez, Jose Luis"]
[Result "0-1"]
[WhiteElo "2233"]
[BlackElo "2238"]
[PlyCount "136"]
[EventDate "2014.??.??"]
[WhiteTeam "L´Aurora Estadilla"]
[BlackTeam "Agrupacion"]

1. c4 e5 2. Nc3 Nc6 3. Nf3 f5 4. d4 e4 5. Bg5 Nf6 6. Nd2 Be7 7. e3 O-O 8. Be2
d6 9. a3 a5 10. Qc2 Bd7 11. O-O-O Qe8 12. h3 Qg6 13. Bf4 Nh5 14. Bh2 Rae8 15.
Rdg1 Nf6 16. Nd5 Nxd5 17. cxd5 Na7 18. g4 Bb5 19. Bxb5 Nxb5 20. Qb3 Nxd4 21.
exd4 f4 22. g5 Qf5 23. f3 e3 24. Ne4 Bd8 25. Qd3 Qxd5 26. Rg4 c5 27. Rd1 cxd4
28. Bxf4 Bb6 29. Kb1 Re6 30. Rh4 Rg6 31. Bxd6 Rxf3 32. Qe2 Qf5 33. Ka1 Re6 34.
Qc4 Kf7 35. g6+ hxg6 36. Qc8 Re8 37. Qxb7+ Kg8 38. Qxb6 e2 39. Re1 Re3 40. Qxd4
R3xe4 41. Rxe4 Rxe4 42. Qc3 Qd5 43. Bg3 Rd4 44. Rc1 Rd3 45. Qc8+ Kh7 46. Be1
Rd1 47. Qc2 a4 48. Kb1 Qf3 49. Qxa4 Rd5 50. Qh4+ Rh5 51. Qf2 Qd3+ 52. Ka1 Rxh3
53. Rc3 Qd1+ 54. Ka2 Rh1 55. Re3 Qxe1 56. Qxe1 Rxe1 57. a4 g5 58. a5 g4 59. a6
g3 60. a7 g2 61. Rh3+ Kg6 62. Rg3+ Kf6 63. Rf3+ Kg5 64. a8=Q Ra1+ 65. Kxa1
e1=Q+ 66. Ka2 Qe6+ 67. b3 g1=Q 68. Qa5+ Kg6 0-1

[Event "Cto Aragón Equipos Div.  Honor F. Desce"]
[Site "Aragon"]
[Date "2014.03.15"]
[Round "8.30"]
[White "Mimbela Lopez, Miguel A"]
[Black "Solano Lasierra, Javier"]
[Result "1/2-1/2"]
[WhiteElo "2173"]
[BlackElo "2181"]
[PlyCount "79"]
[EventDate "2014.??.??"]
[WhiteTeam "Agrupacion"]
[BlackTeam "L´Aurora Estadilla"]

1. d4 Nf6 2. c4 e6 3. Nc3 Bb4 4. Qc2 O-O 5. Bg5 d5 6. e3 Nbd7 7. Nf3 c6 8. Bd3
Be7 9. O-O h6 10. Bh4 dxc4 11. Bxc4 b5 12. Bd3 a6 13. Rfd1 Qb6 14. Ne5 Ra7 15.
Rac1 c5 16. dxc5 Nxc5 17. Be2 Rc7 18. Bf3 Bb7 19. Bxb7 Qxb7 20. Ne2 Rfc8 21.
Qb1 a5 22. Nd4 b4 23. Bg3 Nfe4 24. Nc4 Nxg3 25. hxg3 a4 26. b3 axb3 27. axb3
Ne4 28. Ne2 Bf6 29. f3 Nc3 30. Nxc3 bxc3 31. Nd6 Qc6 32. Nxc8 c2 33. Rxc2 Qxc2
34. Qxc2 Rxc2 35. Nd6 Rc3 36. Ne4 Rxb3 37. Nxf6+ gxf6 38. Re1 Rb2 39. Kf1 Kg7
40. Re2 1/2-1/2